000 00475nam a2200205Ia 4500
005 20240823043606.0
008 240823s9999||||xx |||||||||||||| ||und||
020 _a1-55860-7404
041 _aENGLISH
082 _A794.81526 P5
100 _aDavid H Eberly
245 0 _aGame Physics
250 _a1st
260 _c2005
_bMorgan Kaufmann Publis
500 _aTRANSFERED
650 _aPhysics
_bGeneral
700 _a Ken Shoemake
942 _cBK
999 _c210584
_d210584